| 000 | 00581nam a2200157 a 4500 | ||
|---|---|---|---|
| 008 | 120416s1978 xx |||||||||||||| || u | ||
| 050 | _aHD 1295.U5 Con | ||
| 110 | _aLincoln Institutte of Land Policy | ||
| 245 | 1 | 0 | _aFederal taxation and land use |
| 246 | _aproceedings of the conference | ||
| 260 |
_a _bLincoln Institute of Land Policy _c1978 |
||
| 350 | _a0.00 | ||
| 650 | _aLAND USE--CONGRESSES | ||
| 650 | _aLAND | ||
| 995 |
_D0.00 _FCBU-MAIN LIBRARY (Kitwe) _H1 _I0.00 _M1 _UAVAILABLE _ZAnnex Low-Usage Collection |
||
| 999 |
_c43197 _d43197 |
||